[Event "Kuopio We KSY"]
[Site "Kuopio"]
[Date "2017.04.29"]
[Round "1"]
[White "Hartikainen, Jarmo"]
[Black "Maki, Juha"]
[Result "1/2-1/2"]
[WhiteElo "2212"]
[BlackElo "1954"]
[PlyCount "49"]
[EventDate "2017.04.29"]
[EventType "swiss"]
[EventRounds "5"]
[EventCountry "FIN"]
[SourceTitle "EXT 2022"]
[Source "ChessBase"]
[SourceDate "2021.10.06"]
[SourceVersion "1"]
[SourceVersionDate "2021.10.06"]
[SourceQuality "1"]

1. e4 e6 2. d4 d5 3. Nc3 Nf6 4. Bg5 Bb4 5. e5 h6 6. Bd2 Bxc3 7. bxc3 Ne4 8. Bd3 Nxd2 9. Qxd2 c5 10. Nf3 Qa5 11. 0-0 Nc6 12. Rfd1 cxd4 13. cxd4 Qxd2 14. Rxd2 Na5 15. Rb1 b6 16. Rb4 Ke7 17. c4 dxc4 18. Bxc4 Bb7 19. d5 Rac8 20. d6+ Kd7 21. Bb5+ Bc6 22. Ba6 Bb7 23. Bb5+ Bc6 24. Ba6 Bb7 25. Bb5+ 1/2-1/2